00226nam a2200085Ia 4500001000800000005001700008008004100025245005200066260002200118125064920251031150900.0251031s9999 xx 000 0 und d 0cRIFAT ILGAZaD-4 KIRK YIL ÖNCE KIRK YIL SONRA bÇINAR YAYINLARI